Marken Logo #2 - Statistiken

Allgemein
  • Dieses Quiz wurde 1.228 mal gespielt
  • Das Durchschnittsergebnis liegt bei 12 aus 12
Antwortstatistiken
Bildquiz Antwort % Korrekt
Adidas
100%
Apple
100%
BMW
100%
Nike
100%
Lego
99%
McDonalds
99%
Pepsi
99%
Red Bull
99%
Volkswagen
99%
Shell
98%
Starbucks
98%
Twitch
93%
Keine übereinstimmenden Quizze gefunden
Verteilung der Resultate
Anzahl Personen mit jedem Resultat
Perzentil nach korrekt beantworteten Fragen
Ihre Resultats-Entwicklung
Sie haben dieses Quiz noch nicht gespielt